Chansons de villes - Statistiques

Statistiques générales
  • Ce quiz a été pris 64 fois
  • Le résultat moyen est 6 sur 15
Statistiques - réponses
Hint Réponse % Correct
Jeremie Kisling Paris
87%
Jacques Brel Amsterdam
79%
Frank Sinatra New York
67%
Claude Nougaro Toulouse
67%
Jacques Brel Vesoul
49%
Nino Ferrer Le sud
48%
Bénabar Bruxelles
41%
Renaud Manhattan Kaboul
39%
Barbara Nantes
33%
Claude François Je vais à Rio
26%
Johnny Hallyday Back in LA
15%
Jacques Dutronc Paris s’éveille
10%
William Baldé Sur la route de Dakar
8%
Nino Ferrer L’Angleterre
3%
Bénabar Pétersbourg
2%
Aucun quiz correspondant
Distribution des résultats
% des personnes avec chaque résultat
Percentile par nombre de réponses
Votre historique - résultats
Vous n’avez pas pris ce quiz